Deuses - Statistics

Estatísticas Gerais
  • Esse quiz foi jogado 207 vezes
  • A pontuação média é 10 de 15
Estatísticas das Respostas
Hint Resposta % Correto
Zeus Júpiter
95%
Afrodite Vénus
91%
Ares Marte
90%
Poseidon Netuno
90%
Hades Plutão
85%
Hermes Mercúrio
84%
Cronos Saturno
74%
Eros Cupido
68%
Dionísio Baco
67%
Artemis Diana
59%
Palas Atenas Minerva
59%
Hera Juno
55%
Hefesto Vulcano
51%
Deméter Ceres
42%
Apolo Febo
27%
Nenhum quiz correspondente encontrado
Distribuição das Pontuações
Porcentagem de Pessoas com Cada Pontuação
Percentil de Números Respondidos
Sua Pontuação Histórica
Você não jogou esse quiz